| 000 | 00782nam a22002417a 4500 | ||
|---|---|---|---|
| 003 | DO-SdBNP | ||
| 005 | 20221027094739.0 | ||
| 007 | ta | ||
| 008 | 110301s2021 dr 000 0 spa d | ||
| 020 | _a9789945608823 | ||
| 040 |
_aDO-SdBNP _bspa _cBNPHU |
||
| 082 | 4 |
_axxxx _bS232b |
|
| 100 | 1 |
_aSantana rivera, Banjamín _953018 _d1972- |
|
| 245 | 1 | 0 |
_aBarco de corcho / _cBenjamín Santana Rivera ; presentación Luz Marie Rodríguez López |
| 260 |
_aPuerto Rico : _bIsla Negra, _c2021. |
||
| 300 |
_a68 p. : _c22 cm. |
||
| 490 | 1 | _aEl Canon secuestrado ; | |
| 500 | _aIncluye datos biográficos del autor en la solapa de la portada. | ||
| 590 | _aInventariado, 2022/ YL | ||
| 700 | 1 | 2 |
_aRodríguez López, Luz Marie _epres. _982601 |
| 910 | _aYLockward | ||
| 942 |
_2ddc _cLBS1 |
||
| 999 |
_c52652 _d52652 |
||